Countries By Defence Spending - Statistics

General Stats
  • This quiz has been taken 41 times
  • The average score is 18 of 20
Answer Stats
Hint Answer % Correct
$178,200,000,000 China
100%
$47,700,000,000 France
100%
$57,430,000,000 Germany
100%
$30,468,800,000 Italy
100%
$51,700,000,000 Japan
100%
$56,042,000,000 United Kingdom
100%
$73,650,000,000 India
97%
$42,129,000,000 Russia
97%
$48,000,000,000 South Korea
97%
$23,400,000,000 Canada
95%
$48,500,000,000 Saudi Arabia
95%
$740,500,000,000 United States
95%
$29,300,000,000 Brazil
92%
$42,700,000,000 Australia
89%
$14,100,000,000 Iran
89%
$17,000,000,000 Turkey
89%
$16,600,000,000 Israel
86%
$23,195,200,000 United Arab Emirates
78%
$14,542,000,000 Netherlands
65%
$15,000,000,000 Uzbekistan
5%
No matching quizzes found
Score Distribution
Percent of People with Each Score
Percentile by Number Answered
Your Score History
You have not taken this quiz